000 00967nas a2200337 4500
001 BR2014006445
003 BR-BrBNA
005 20231205124624.0
007 ta
008 230509b bl.|||p| |||| 00| 00por d
040 _aBR-BrBNA
_bpor
_cBiblioteca Nacional de Agricultura
041 _a(Pt)
072 _aQ04
100 1 _aDaiuto, E.R.
100 1 _aTremocoldi, M.A.
100 1 _aAlencar, S.M. de
100 1 _aVieites, R.L.
100 1 _aMinarelli, P.H.
245 1 _aComposição química e atividade antioxidante da polpa e resíduos de abacate 'Hass"
650 _aABACATE
650 _aCOMPOSIÇÃO QUÍMICA
650 _aANTIOXIDANTE
650 _aFRUTA
650 _aPOLPA
650 _aMINERAL
650 _aCASCA
650 _aSEMENTE
773 0 _tRevista Brasileira de Fruticultura (Brazil)
_xISSN 0100-2945
_g(Jun 2014), v. 36(2) p. 417-424
_wBR2014006445
909 _a202311
_bLúcia
_c55
_dLúcia Elande
942 _2AGRIS
_n0
_cANA
999 _c240028
_d240028